Pliaga menom chlamýdie

Bibliographic Details
Main Author: Pauliny-Danielisová, Mariana, 1947- (Author)
Format: Article
Language:Slovak
PhysicalDescription:Fotogr.
ISSN:0044-1953
Subjects:

MARC

LEADER 00000nab a2200000 a 4500
001 vtls000788905
003 SK-MaSNL
005 20260302155749.0
008 160405c2002 xo 0 slo
015 |a SNBRB2002/03-11158 
035 |a CLN000140560 
040 |a SNKBUCL  |b slo  |c SNKBUCL  |e AACR2 
041 0 |a slo 
044 |a xo  |c SK 
080 |a 616.97:579.884.11  |2 1997 
080 |a 579.884.11  |2 1997 
100 1 |a Pauliny-Danielisová, Mariana,  |d 1947-  |4 aut  |9 37124 
245 1 0 |a Pliaga menom chlamýdie  |c Mariana Paulinyová 
300 |b Fotogr. 
650 0 7 |a chlamýdie  |x diagnostika  |2 snkbucl  |9 854746 
650 0 7 |a infekcie chlamýdiové  |x liečba  |2 snkbucl  |9 854747 
650 0 7 |a chlamydióza  |x liečba  |2 snkbucl  |9 854748 
655 7 |a články z novín a časopisov  |2 snkbucl  |9 267496 
773 0 |x 0044-1953  |t Zdravie  |g Roč. 58, č. 1 (2002), s. 42-43 
850 |a Slovenská národná knižnica v Martine 
852 |a SNK  |b KIS3GCP 
958 |a MI 
958 |a RBX 
999 |c 1372513  |d 1374443